000 00581nam a2200193Ia 4500
005 20260114185744.0
008 008 260114s9999 xx 000 0 eng d
020 _a9781501366390
037 _aEBOOK
040 _aCRL
_beng
_cCRL
041 _aeng
_2eng
084 _qCRL
100 _aEwa Mazierska, Les Gillon and Tony Rigg
_9874008
245 4 _aThe Evolution of Electronic Dance Music
260 _bBloomsbury
_c2021
856 _uhttps://doi.org/10.5040/9781501366390?locatt=label:secondary_bloomsburyCollections
942 _cEBOOK
999 _c1472944
_d1472944